Programming for embedded systems: cracking the code (Record no. 139061)

000 -LEADER
fixed length control field 00274nmm a2200097Ia 4500
008 - FIXED-LENGTH DATA ELEMENTS--GENERAL INFORMATION
fixed length control field 220120s9999||||xx |||||||||||||||||und||
082 ## - DEWEY DECIMAL CLASSIFICATION NUMBER
Classification number 00 4.165 DRA
100 ## - MAIN ENTRY--PERSONAL NAME
Personal name Dreamtech software team
9 (RLIN) 3539
245 #0 - TITLE STATEMENT
Title Programming for embedded systems: cracking the code
260 ## - PUBLICATION, DISTRIBUTION, ETC.
Date of publication, distribution, etc. 2002
Holdings
Withdrawn status Lost status Damaged status Not for loan Home library Current library Date acquired Barcode Date last seen Price effective from Koha item type
        Central Library Central Library 01/20/2022 CD612 01/20/2022 01/20/2022 Compact Disc

Powered by Koha